000 00302nam a2200133Ia 4500
008 191201s2006 xx 000 0 und d
100 _aHAYT, William H
245 0 _aEngineering Electromagnetics
250 _a7th
260 _c2006
_bTMH
_aN.Delhi
300 _a582
650 _aECE
942 _2ddc
_cBB
999 _c7247
_d7247